Monetary Policy Transparency and Financial Market Forecasts in South Africa /

The transparency of monetary policy in South Africa has increased substantially since the end of the 1990s; but little empirical work has been done to examine the economic benefits of the increased transparency. This paper shows that, in recent years, South African private sector forecasters have be...

Descrizione completa

Dettagli Bibliografici
Autore principale: Arora, Vivek
Natura: Periodico
Lingua:English
Pubblicazione: Washington, D.C. : International Monetary Fund, 2007.
Serie:IMF Working Papers; Working Paper ; No. 2007/123
Accesso online:Full text available on IMF
LEADER 01820cas a2200241 a 4500
001 AALejournalIMF009307
008 230101c9999 xx r poo 0 0eng d
020 |c 5.00 USD 
020 |z 9781451866872 
022 |a 1018-5941 
040 |a BD-DhAAL  |c BD-DhAAL 
100 1 |a Arora, Vivek. 
245 1 0 |a Monetary Policy Transparency and Financial Market Forecasts in South Africa /  |c Vivek Arora. 
264 1 |a Washington, D.C. :  |b International Monetary Fund,  |c 2007. 
300 |a 1 online resource (25 pages) 
490 1 |a IMF Working Papers 
500 |a <strong>Off-Campus Access:</strong> No User ID or Password Required 
500 |a <strong>On-Campus Access:</strong> No User ID or Password Required 
506 |a Electronic access restricted to authorized BRAC University faculty, staff and students 
520 3 |a The transparency of monetary policy in South Africa has increased substantially since the end of the 1990s; but little empirical work has been done to examine the economic benefits of the increased transparency. This paper shows that, in recent years, South African private sector forecasters have become better able to forecast interest rates, are less surprised by reserve bank policy announcements, and are less diverse in the cross-sectional variety of their interest rate forecasts. In addition, there is some evidence that the accuracy of inflation forecasts has increased. The improvements in interest rate and inflation forecasts have exceeded those in real output forecasts, suggesting that increases in reserve bank transparency are likely to have played a role. 
538 |a Mode of access: Internet 
830 0 |a IMF Working Papers; Working Paper ;  |v No. 2007/123 
856 4 0 |z Full text available on IMF  |u http://elibrary.imf.org/view/journals/001/2007/123/001.2007.issue-123-en.xml  |z IMF e-Library